000 02201nam a2200253 a 4500
999 _c1857
_d1857
003 AR-BaISA
005 20250925125351.0
007 ta
008 250925s2001 sp ad||f |||| 000 0 spa d
020 _a8474291070
040 _bspa
_cAR-BaISA
082 0 4 _222
_a618.97 M187
245 0 0 _aGeriatría desde el principio /
_cEditor: Juan F. Macías Núñez; Coeditores: Francisco Guillén Llera, José Manuel Ribera Casado
260 _aBarcelona:
_bEditorial Glosa,
_c2001
300 _a415 p.:
_bil., graf.
504 _aBibliografía p.: [399]-415
505 _tENVEJECIMIENTO:
_tBiología del envejecimiento --
_tSociología del envejecimiento --
_tPsicología del envejecimiento --
_tAbuso y maltrato en la vejez --
_tPatología del envejecimiento --
_tGERIATRÍA ESPECIALIDAD MÉDICA:
_tGeriatría: definiciones y conceptos --
_tEl anciano enfermo: metodología del estudio y correlaciones clínico-semiológicas --
_tSÍNDROMES GERIÁTRICOS:
_tEl paciente con síndrome de inmovilidad --
_tEl paciente con síndrome de incontinencia --
_tEl anciano con pérdida de equilibrio y caídas --
_tEl paciente con alteraciones psíquicas --
_tEl anciano con dolor crónico --
_tEl enfermo con úlceras por presión --
_tEl enfermo con disfunción del sistema nervioso autónomo --
_tEl anciano con insuficiencia cardíaca --
_tEl paciente con trastornos del equilibrio hidroelectrolítico y ácido base --
_tEl anciano con malnutrición --
_tLa alimentación en el anciano. Criterios razonados para conseguir una nutrición adecuada --
_tGERIATRÍA CLÍNICA:
_tEl anciano hipertenso --
_tUtilización de fármacos en el anciano --
_tEl paciente con riesgo de enfermedad tromboembólica --
_tAnestesia --
_tCirugía --
_tCuidados al final de la vida. Actitud ante la muerte --
_tASISTENCIA GERIÁTRICA:
_tLos servicios sociales. Cuidados en la comunidad y el domicilio. El anciano institucionalizado --
_tOrganización asistencial geriátrica
650 1 4 _9539
_aGeriatría
650 1 4 _9253
_aAdulto mayor
_vasistencia
700 _93812
_aMacías Núñez, Juan F.
_eed.
700 _93813
_aGuillén Llera, Francisco
_eed.
700 _93814
_aRibera Casado, José Manuel
_eed.
942 _2ddc
_cLI
_e22